Pla del mandat 2000 - 2003
Descripción Física:
143 p. ; 30 cm
MARC
| LEADER | 00000nam a2200000Ia 4500 | ||
|---|---|---|---|
| 001 | 19698 | ||
| 008 | 160829s9999 xx 000 0 cat d | ||
| 080 | |a M-5-475 | ||
| 110 | 1 | |a Barcelona (Catalunya : Província). |b Diputació |9 52408 | |
| 245 | |a Pla del mandat 2000 - 2003 | ||
| 260 | |a Barcelona : |b Diputació de Barcelona. Àrea de Govern Local. Servei de Programació, [2000?] | ||
| 300 | |a 143 p. ; |c 30 cm | ||
| 610 | 1 | 0 | |a Barcelona (Catalunya : Província). |b Diputació |v Planificació |9 52706 |
| 710 | |a Barcelona (Catalunya : Província). |b Servei de Programació |9 53631 | ||
| 901 | |a Arxiu | ||
| 942 | |n 1 | ||
| 952 | |0 0 |1 0 |4 0 |6 M5475 |7 1 |9 51148 |a Arxiu |b Arxiu |d 2016-12-01 |l 0 |o M-5-475 |p 19698 |r 2016-12-01 00:00:00 |w 2016-12-01 |y ARXIU | ||
| 999 | |c 54991 |d 54991 | ||